000 00713nam a2200181Ia 4500
008 151018s9999 xx 000 0 und d
082 _bRBASDV46910
_a920
100 _aएम पी कमल
245 _aनोबेल पुरस्कार विजेता भारतीय
250 _b2
260 _bअनुपम प्रकाशन केंद्र औरंगाबाद
_c2007
300 _a160
600 _aएम पी कमल
630 _aनोबेल पुरस्कार विजेता भारतीय
700 _aएम पी कमल
730 _aनोबेल पुरस्कार विजेता भारतीय
942 _cBOOK
999 _c1046060
_d1046057